[Event "Euwe intern"]
[Site "?"]
[Date "2001.12.13"]
[Round "13"]
[White "Van der Weide, Piet"]
[Black "Witt, Rob"]
[Result "1/2-1/2"]
[WhiteElo "2201"]
[BlackElo "2234"]
[Annotator "Witt,Rob"]
[PlyCount "75"]

{Gezien mijn enorme achterstand in de interne was ik vastbesloten om deze
partij te winnen. Helaas wist Piet met solide spel mijn winstaspiraties al
snel in de kiem te smoren. Als je de partij snel naspeelt lijkt het een
typische oude mannenpartij. Toch blijk ik Piet nog enige kansen gegeven te
hebben die me tegen een type Nikolic noodlottig zouden zijn geworden. Ook in
ogenschijnlijk simpele stellingen blijkt het weer moeilijk om nauwkeurig te
spelen.} 1. d4 Nf6 2. g3 d5 3. Bg2 ({Vorig jaar speelde Piet tegen mij} 3. c4
c6 4. Qb3 dxc4 5. Qxc4 Qd5 {met gelijk spel. Interessanter was} (5... Be6 {
en na het voor de hand liggende} 6. Qd3 $2 {volgt verrassend} Bxa2 $1)) 3... e6
4. c4 Be7 ({Ik ga me toch eens verdiepen in het scherpe} 4... dxc4 5. Nf3 a6 6.
O-O Nc6) 5. Nf3 O-O 6. O-O c6 ({Misschien is het nauwkeuriger om het Gesloten
Katalaans te spelen via} 6... Nbd7) 7. Nc3 {De afgelopen twee weken heb ik
deze stelling zowel met wit als met zwart gespeeld waarbij wit de dame op c2
en het damepaard op d2 had.} Nbd7 (7... dxc4 8. Ne5) 8. b3 b6 9. Bb2 Ba6 10.
cxd5 {Slap gespeeld. Interessanter is bijv.} (10. a4 dxc4 11. bxc4 Bxc4 12. Nd2
Ba6 13. Bxc6 Rc8 14. Bg2) ({en ook} 10. Qd3 Rc8 {was boeiender geweest.}) 10...
cxd5 {Tijdverbruik wit 14', zwart 9'. Hier besefte ik weliswaar geen problemen
had maar dat op winst spelen ook zeer problematisch zou zijn.} 11. a3 Rc8 (
11... Bd6 {om na De7 de andere toren naar c8 te spelen, komt ook in aanmerking.
}) 12. Rc1 Bd6 13. b4 Qe7 $6 ({Beter was toch} 13... Bc4 14. b5 a6 15. a4 Qe7)
14. Qa4 {Merkwaardigerwijs was deze zet me geheel ontgaan.} Bc4 15. Nd2 a5 $1 {
32'/42'} 16. Nxc4 (16. bxa5 b5 $1 17. Nxb5 $2 Bxb5 18. Qxb5 Rb8 $19) 16... Rxc4
17. Nb5 Rfc8 18. Na7 $1 (18. Rxc4 Rxc4 19. Rc1 Rxc1+ 20. Bxc1 axb4 21. Nxd6
Qxd6 22. Bf4 Qf8 23. axb4 Qc8 24. b5 h6 {met gelijke kansen.}) 18... Rxc1 19.
Rxc1 Rxc1+ 20. Bxc1 axb4 $6 {Gedachteloos gespeeld. Nauwkeuriger was} (20...
Nb8 {om het witte paard van c6 weg te houden. Na bijv.} 21. Nb5 axb4 22. Nxd6
Qxd6 23. Bf4 Qc6 24. Qxb4 Nbd7 {staat het gelijk.}) 21. axb4 Qd8 ({Iets
nauwkeuriger is misschien} 21... Nb8 22. b5 h6 23. Nc6 Qc7 24. Bd2 {met iets
makkelijker spel voor wit.}) 22. Nc6 Qc7 {over 40'/28'} 23. b5 $6 ({Veel
sterker was} 23. Qa8+ Nb8 24. b5 h6 25. f3 $1 Kh7 26. e4 {en zwart heeft
problemen.}) 23... h6 24. Bd2 Kh7 25. Bb4 {Ik vraag me af of dit wel zo'n goed
plan is.} g6 26. Qa3 Ne8 $6 ({Opnieuw slordig, beter was} 26... Bxb4 27. Qxb4
Kg7 28. Qe7 Ng8 29. Qa3 {al staat wit nog steeds iets beter.}) 27. e4 $2 {
Dit leidt tot niks. Sterker was} (27. Qf3 Nb8 $5 (27... Ndf6 28. Bd2 {met
goede kansen.}) 28. Nxb8 Bxb4 29. Nc6 Bf8 {en zwart moet het kunnen houden.})
27... dxe4 28. Bxe4 Ndf6 29. Bf3 Kg7 30. Kg2 Bxb4 31. Qxb4 Qd6 32. Qc4 Nd5 33.
Bxd5 Qxd5+ 34. Qxd5 exd5 35. Ne7 Nc7 36. Nc8 Nxb5 37. Nxb6 Nxd4 38. Nxd5 {
met remiseaanbod.} 1/2-1/2

[Event "Groningen-Euwe"]
[Site "?"]
[Date "2001.12.15"]
[Round "4"]
[White "Witt, Rob"]
[Black "Werle, Jan"]
[Result "0-1"]
[WhiteElo "2234"]
[BlackElo "2369"]
[Annotator "Witt,Rob"]
[PlyCount "68"]

{Werle i.p.v. Tiviakov. Vorig seizoen bereikte ik nog zonder problemen remise.
Nu word ik kansloos geveegd. Het verhaal van de partij kan kort zijn. Zwart
speelt een ongebruikelijke versie van de Tartakower. Wit vind geen goede
opstelling. Zwart krijgt min of meer gratis een koningsaanval en besluit de
partij met een winnend torenoffer. Toch is dat niet het hele verhaal. Mijn
stelling dat je altijd kansjes krijgt (die je dan wel moet benutten!), wordt
weer eens bewaarheid.} 1. Nf3 Nf6 2. c4 e6 {Meestal, o.a. tegen mij vorig
seizoen, speelt Werle 2....b6} 3. Nc3 {Misschien had ik met 3.g3 b6 terug in
mijn voorbereiding kunnen komen, maar ik had geen trek in 3.g3 d5 met overgang
naar het Katalaans.} d5 4. d4 Be7 {Dit speelt Werle voor het eerst, al heeft
hij wel veel ervaring met wit tegen dit systeem.} 5. Bg5 {Ik was bang voor
voorbereiding tegen 5.Lf4 zoals ik in Lost Boys gespeeld had.} O-O 6. e3 b6 {
Opmerkelijk, de Tartakower zonder inlassing van h6 en Lh4. Ik meende me te
herinneren uit een ver verleden dat er geen specifieke methode was om van het
nalaten van h6 te profiteren. Men gaat ervan uit dat het voor zwart prettig is
om h6 in te lassen. Daarom besloot ik de gewone methode toe te passen die
tegen de Tartakower met h6 het populairst is.} 7. Rc1 Bb7 8. cxd5 exd5 9. Bxf6
({In het voortreffelijke boek van Paul van der Sterren over het Klassiek
Damegambiet lees ik tot mijn verrassing: [Noot WimN: En hier viel ik weer van
mijn geloof! Ik heb altijd begrepen dat de ruilactie Lxf6 Lxf6 cxd5 exd5
waarbij wit het loperpaar opgeeft, op deze manier ging om zwart te dwingen de
loperdiagonaal te plomberen met een pion! Maar inderdaad: als zwart dat
vrijwillig doet, waarom dan nog op f6 ruilen? Onlogisch!]} 9. Bd3 Nbd7 10. O-O
c5 11. dxc5 bxc5 12. Qe2 Qb6 13. Rfd1 Rfd8 {Witt-Radulov, Hamburg 1974. En nu
was} 14. e4 $1 {sterk geweest. Zo zie je maar weer. Vroeger lostte ik
openingsproblemen veel creatiever op. Ik herinner me overigens nu dat deze
partij al om 9 uur 's morgens begon en heel lang duurde omdat er uiteindelijk
een eindspel ontstond van T, dubbele f-pion en h-pion tegen 2 paarden, f- en
g-pion. Mijn vrouw, toen nog vriendin zou eind van de ochtend langskomen om
een foto te maken. Je speelt tenslotte niet elke dag tegen een sterke
grootmeester. Ik kwam in steeds grotere moeilijkheden en probeerde de partij
zo lang mogelijk te rekken. Uiteindelijk moest ik voor mijn fatsoen wel
opgeven. De foto is nooit gemaakt.}) 9... Bxf6 10. b4 Nd7 $5 {Wat is dit? Deze
stelling is, met of zonder h6, al honderden keren voorgekomen en iedereen
speelt hier c6 of c5.} 11. Qb3 ({Helaas is} 11. Nb5 Be7 $1 {eerder goed voor
zwart.} ({Minder sterk, maar zeker speelbaar is het verrassende} 11... c6 12.
Nd6 Be7 13. Nxb7 Bxb4+ 14. Ke2 (14. Nd2 $2 Qc7 15. Ba6 Nb8 $1 $15) 14... Qe7 $1
(14... Qc7 15. Qa4 $1 $16) 15. Qa4 Rab8)) 11... Be7 $1 {Pas deze zet is nieuw
en m.i. ook beter dan met c6 overgaan naar bekende stellingen. De stelling na
11.Db3 blijkt toch enkele malen te zijn voorgekomen, met name in partijen van
de Let Janis Klovans en zowaar, het is niet te geloven, in de partij
Witt-Timoschenko, Baden-Baden 1985. Ik moet toch mijn eigen partijen weer eens
gaan naspelen. Timoschenko antwoordde echter gewoon met c6 en even later b5.
Ik kwam gewonnen te staan maar herhaalde de stelling een keer teveel. Ik zakte
bijna door de grond toen Timoschenko na het uitvoeren van mijn laatste zet,
direct opstond en naar de arbiter liep om remise te claimen.} 12. Be2 $6 {
De eerste schablonez et. Vaak gaat de loper naar e2 om later naar f3 te
verhuizen. Onder de veranderde omstandigheden was Ld3 beter.} ({Bijv.} 12. Bd3
Nf6 13. O-O Re8 14. Ne5 a6 15. e4 {met wederzijdse kansen.}) 12... Nf6 13. O-O
Re8 14. Rfd1 $6 {De tweede schablonezet. Zwart is in het geheel niet van plan
om c5 voor te bereiden. Beter was 14.Pe5.} a6 15. a4 $6 {En de derde
schablonezet die nergens op slaat. Alleen met de zwarte pion op c6 zou dit zin
hebben.} ({De laatste kans om er nog iets van te maken was} 15. Ne5 Bd6 16. f4
Qe7 17. Bf3 Qe6 {met misschien wederzijdse kansen. Het is overigens duidelijk
dat in zo'n stelling de wite toren op f1 hoort.}) 15... Bd6 {Zwart heeft nu de
ideale opstelling ingenomen. Wit zit verlegen om een constructief plan.} 16.
Ne1 $2 {Weer een slechte. Ik hoopte iets te doen met een loper op f3 (g2) en
een paard op f4, maar daarvoor was het al te laat. Keepen met 16.Pfd2 en evt.
Pf1 was noodzakelijk.} Ne4 17. g3 $2 {Het beste was om met het schaamrood op
de kaken het paard weer terug naar f3 te spelen.} Re6 $1 {Zwart maakt optimaal
gebruik van het achterwege laten van h6 in de opening.} ({Toch was} 17... Qg5 {
m.i. nog sterker.}) 18. Ng2 ({Een alternatief was wellicht} 18. Bg4 Rh6 19. Nf3
) 18... Rh6 19. Nxe4 $6 ({Ik weet niet meer warom ik het taaiere} 19. Nf4 {
verworpen heb. Het had ermee te maken dat ik dacht dat ik toch nooit op d5 kon
slaan. Waarschijnlijk heb ik spoken gezien.}) 19... dxe4 20. Bf1 Qd7 21. Nf4 $6
g5 ({Een sterk alternatief lijkt} 21... Bxf4 22. exf4 Bd5 {maar zwart is bezig
met koningsaanval.}) 22. Ne2 Re8 23. Nc3 Qf5 {Beide spelers hebben hier nog
30'.} 24. Rd2 {Gericht tegen het torenoffer op h2 dat er levensgevaarlijk uit
ziet. Bijv.} (24. Bg2 Rxh2 $5 ({Een rustiger speelwijze is} 24... g4) 25. Kxh2
Qxf2 26. Rc2 Qxe3 (26... Qxg3+ 27. Kg1 Re6 28. Rf2 Qxe3 {lijkt niet door te
slaan.}) 27. d5 {only move.} g4 $1 {met de bedoeling Te8-e5-h5.} 28. Re2 Qxg3+
29. Kg1 Re5 30. Qb2 Rh5 {dreigt Th1!} 31. Kf1 Rf5+ 32. Rf2 Rxf2+ 33. Qxf2 Qxc3
{en zwart moet gewonnen staan.}) 24... g4 $5 {Deze zet verrastte me nogal. Het
is een zware beslissing. Zwart wil natuurlijk Dh5 spelen, maar anderzijds
blokkeert pion g4 eventuele acties van Lc8.} 25. Be2 $2 {Ik beschikt e over
drie mogelijke verdedigingen. Na Dh5 reageren met h4 gxh3 Kh2, maar dat leek
me niks. Of pion h2 offeren en ondertussen tegenspel met Pd5 te krijgen. Dat
leek me wel speelbaar. Ik koos echter helaas voor de derde mogelijkheid die
Dh5 verhindert wegens h4. Ik had wel eerst 'berekend' dat het torenoffer niet
winnend was.} Rxh2 $3 {Toch! Zelfs voor Fritz is het moeilijk te zien dat dit
wint. In de analyse achteraf waren we niet toegekomen aan dit moment. Dus ik
weet niet wat Werle precies berekend had.} ({Ik had trouwens gerekend op} 25...
Ree6 {waarop ik} 26. Bc4 {van plan was.}) 26. Bxg4 Qxg4 27. Kxh2 {Hier begon
Werle onverwacht bijna 10' na te denken. Kennelijk had hij een gat in zijn
winstvariant ontdekt.} Qh5+ $2 ({Winnend was} 27... Re6 28. Rh1 Qf3 $1 29. Kg1
Bxg3 30. Qd1 ({Ik dacht zelf dat} 30. fxg3 {mogelijk was en had overzien dat
e3 ongedekt was.} Qxe3+ (30... Qxg3+ $4 31. Rg2 {met damewinst.}) 31. Rf2 Qe1+
32. Kg2 e3+ {en wit loopt mat.}) 30... Bxf2+ 31. Rxf2 Rg6+ 32. Kf1 Qxh1+ 33.
Ke2 Qh4 $19 {Werle was Te6 oorspronkelijk van plan toen hij zijn toren offerde
maar moet toen ergens iets verkeerd berekend hebben. De tekstzet had niet
mogen winnen.}) 28. Kg2 $2 ({Ik wilde graag weglopen uit het hoekje en dacht
dat niet kon na} 28. Kg1 {wegens} Bc8 {waarna de witte dame niet op tijd terug
is voor de verdediging van de koningsvleugel. Ik overzag geheel (en Werle
vermoedelijk ook) dat de witte dame niet perse terug hoeft.} 29. Qd5 $1 {
Zeker in opkomende tijdnood (zwart heeft nog 12') is het lastig te zien hoe
zwart nu het beste kan spelen. Het beste is en misschien wel het enige lijkt me
} Bf5 {met het idee om de toren snel naar h6 te spelen.} ({Slecht is} 29... Qf3
30. Qg5+ Kh8 31. Nd5 Bxb4 {relatief nog het beste} 32. Rdc2 Bd6 33. Rxc7 Bxc7 (
33... Bh3 34. Nf4 $18) 34. Rxc7 $16) 30. Ne2 Re6 $1 (30... Bxb4 31. Nf4 Qg4 32.
Rxc7 Be6 33. Nxe6 Rxe6 34. Qd8+ $1 Kg7 35. Qd7 Qg6 36. Rb2 $18) 31. Nf4 Bxf4
32. exf4 ({Gevaarlijk maar misschien speelbaar is} 32. Qd8+ Kg7 33. exf4 e3 $1
34. fxe3 Qf3 35. Rf2 Qxe3 36. Qxc7 Be4 37. f5 Qh6 38. f6+ Kg6 39. Rh2 Qe3+ 40.
Rf2 Rxf6 41. Rcf1 Rxf2 42. Rxf2 Qe1+ 43. Rf1 Qe3+ {met remise.}) 32... Rd6 (
32... e3 33. fxe3 Rxe3 34. Qd8+ Kg7 35. Qh4 $16) 33. Qa8+ Kg7 34. Qe8 Rh6 35.
Qe5+ {en wit geeft eeuwig schaak.}) 28... Qf3+ 29. Kf1 $2 {Opnieuw die drang
om weg te lopen uit het hoekje. Ik heb in het geheel niet gekeken naar het
betere} (29. Kg1 {met de dreiging Dd1. bijv.} Bxb4 {is er iets beters?} 30. Qd1
(30. Qxb4 Re6 31. Ne2 Rh6 32. Kf1 Rh1+ 33. Ng1 Bc8 {en wit loopt mat.}) 30...
Qf5 31. d5 Re5 32. Qf1 {en ik zie niet hoe zwart op winst kan spelen.}) 29...
Bc8 {hierna staat zwart op winst.} 30. Rdc2 {only move} Bxg3 31. Nd1 Be6 $1 32.
d5 $6 ({Hardnekkiger is} 32. Qc3 Bd6 33. Ke1 Bd7 $1 {en dit moet gewonnen zijn
o.a. met behulp van een snelle opmars van de h-pion.}) 32... Bg4 $6 ({Nog
sterker was} 32... Qh1+ $1 33. Ke2 Qh5+ 34. Ke1 Bxd5 {maar zwart had nog een
paar minuten.}) 33. Ke1 Bd6 34. Kd2 $4 {Typisch zo'n partij die je dan afsluit
met een blunder. Ik was van plan om} (34. Qc4 {te spelen, maar schrok toen van
de mogelijkheid} a5 35. bxa5 bxa5 36. Nc3 Bb4 {wat inderdaad vervelend is.}) ({
Zwart kan ook anders spelen na} 34. Qc4 {bijv.} h5 ({Werle was trouwens} 34...
Re5 {van plan.} 35. Nc3 {en zwart moet tot de tijdcontrole toch nog een paar
goede zetten doen.}) 35. Nc3 h4 36. Qf1 h3 37. Kd2 h2 {lijkt de makkelijkste
methode.}) 34... Qe2+ 0-1

[Event "Ordina-Euwe"]
[Site "?"]
[Date "2002.01.05"]
[Round "5"]
[White "Gurevich, Mikhail"]
[Black "Witt, Rob"]
[Result "1-0"]
[WhiteElo "2636"]
[BlackElo "2234"]
[Annotator "Witt,Rob"]
[PlyCount "81"]

{De opstelling van Ordina was voor mij een verrassing. Ik had gerekend op
Chuchelov of Van den Doel aan bord 2. Gurevich zou wel op 1 zitten als hij al
meedeed. Bij mijn voorbereiding had ik mij t.a.v. Van den Doel beperkt tot:
"Ik bedenk wel voor het bord of ik Frans of Siciliaans speel." Voor Chuchelov
had ik een halve vrijdag besteed aan de Weense variant van het Damegambiet.} 1.
d4 d5 {De zetvolgorde kostte me enige hoofdbrekens. Tegen Chuchelov zou ik via
1....Pf6 2.c4 e6 3.Pf3 d5 4.Pc3 of 1.Pf3 d5, enz. het Weens bereikt hebben.
Gurevich speelt echter 3.Pc3 omdat hij graag tegen Nimzoindisch speelt.} 2. c4
e6 3. Nc3 Nf6 4. Nf3 {Gelukkig geen ruilvariant. Gurevich speelt dat ook
vrijwel nooit.} dxc4 {Ik zelf speel dit voor het eerst, maar opmerkelijker is
dat deze stelling niet is voorgekomen in de toernooiprakktijk van Gurevich.
Hij dacht gelijk 10' na. Op mijn normale 4...Le7 zou warschijnlijk 5.Lf4
gevolgd zijn.} 5. e4 {Ik had bij mijn voorbereiding ook veel aandacht besteed
aan 5.Da4+ wat veel door Karpov gespeeld is en onlangs nog in de fraaie partij
Korchnoi-Polgar. Ook 5.e3 was niet aan mijn aandacht ontsnapt, bijv.
Kramnik-Kasparov.} Bb4 6. Qa4+ {Tja, die had ik niet echt bekeken. Ik
herinnerde me vaag dat het niks bijzonders was voor wit.} ({De hoofdvariant
van het Weens onstaat na} 6. Bg5 c5 7. Bxc4 cxd4 8. Nxd4 Bxc3+ 9. bxc3 Qa5) ({
Ook} 6. e5 {is interessant.}) 6... Nc6 7. Bg5 Bd7 8. Qc2 {Hier trok Gurevich
een kwartier voor uit. Ook 8.Dd1 is wel gespeeld.} h6 9. Bxf6 ({Het
alternatief was} 9. Bd2 {waarop} b5 $1 {het beste is. Dat had ik vast wel
gevonden.}) (9. Bh4 $2 {faalt op} g5 10. Bg3 g4 {en pion d4 valt.}) 9... Qxf6
10. e5 Qf4 11. Rd1 b5 12. Qe2 ({De eerste nieuwe zet. In Chesslab vond ik nog
drie partijen die verder gingen met} 12. Be2 Ne7 13. O-O Bc6 {en laten we
zeggen dat het onduidelijk is. De tekstzet heeft de bedoeling om de loper naar
g2 te ontwikkelen.}) 12... Ne7 13. g3 Qg4 $1 ({Sterker dan} 13... Qf5 14. Nh4
Qh7 15. Bg2 {en zelfs Fritz geeft zwart nauwelijks voordeel ondanks pluspion.})
14. h3 Qh5 15. Bg2 (15. g4 {verzwakt veld f4.} Qg6 16. Nh4 Qg5) 15... Nd5 ({
Ik zou graag mijn loper naar de lange diagonaal willen brengen maar dat faalt
op} 15... Bc6 $2 16. g4 Qg6 17. Nh4 Qg5 18. Bxc6+ Nxc6 19. Qe4 {met problemen
voor zwart.}) ({Wel interessant vond ik} 15... Rd8 {Ik wist niet of dit beter
was dan de tekstzet. Op een gegeven moment moet je gewoon een zet doen. Beide
spelers hebben hier ca. 3 kwartier gebruikt.}) 16. Qc2 Bxc3+ {We hadden na
afloop geen bord om te analyseren en deden dat in de bar uit ons hoofd. Dat
was vrij lastig want hij doet regelmatig nogal stellige uitspraken die hij
even later weer intrekt. Zo keurde hij deze zet in eerste instantie af. Toen
ik repliceerde dat hij op elke andere zet zou rokeren waarna ik toch op c3
moet slaan om te voorkomen dat er een paard op e4 komt, zei hij meteen: Yes,
you're absolutely right.} ({Toch is het best mogelijk dat er betere zetten
waren. Ik wilde in ieder geval niet te snel rokeren omdat ik bang was dat mijn
dame misschien in problemen zou komen en dan via h7 moet vluchten. Interessant
is wel bijv.} 16... Bc6 {wat wit's rokade verhndert.} 17. g4 (17. O-O $2 Bxc3
18. bxc3 Nf4 $1 19. gxf4 {only move} Bxf3 {en zwart's pluspion heeft inmiddels
gezonde vormen aangenomen.}) 17... Qg6 18. Qxg6 fxg6 19. Nd2 O-O $15) 17. bxc3
Qf5 $1 {Dit was mijn bedoeling. Als wit dames ruilt kan er geen paard meer op
e4 komen. Zwart staat iets beter en loopt in ieder geval geen risico's. Ik
verwachte echter dat hij niet zou ruilen en dan sta ik sowieso beter al heeft
wit ook practische kansen.} 18. Qc1 ({Op} 18. Qb2 {was ik} Qe4+ 19. Kf1 a5 {
van plan, bijv.} 20. Nh4 Qh7 21. a3 O-O 22. Kg1 Rfb8 {met groot voordeel voor
zwart.} 23. Kh2) 18... Qe4+ 19. Kf1 Bc6 {Hier of misschien op de vorige zet
was Gurevich bang voor een idee waar ik in het geheel niet naar gekeken heb:} (
19... b4 $5 20. cxb4 Ba4 21. Nh4 Qh7 {Ik ben blij dat ik dit idee niet gezien
heb. Het zou me veel tijd gekost hebben en ik ben ook niet overtuigd dat het
beter is dan wat ik speel.}) (19... a5 {kwam ook hier sterk in aanmerking en
was waarschijnlijk het beste. Ik koos voor 19....Lc6 omdat ik na een eventueel
Ph4 en Lxd5 met de loper terug wilde slaan.}) 20. Kg1 Qh7 $6 ({Gewoon het
natuurlijke} 20... O-O {was waarschijnlijk toch beter. Beide partijen hebben
hier nog 35' voor de resterende 20 zetten. Ik wilde tijdnood voorkomen en
gebruik de komende 10 zetten te weinig tijd om de stelling goed te doorgronden.
Ik had tijdens de partij het idee dat mijn dame een keer terug moet naar e7 of
b6 en dat dat bemoeilijkt zou worden door de rokade. Ook was ik wat huiverig
om a5 te spelen omdat dan wit lastig a4 zou kunnen spelen. Allemaal wat vage
gedachten of misschien wel angsten want zo'n grootmeester ziet alles, denk je
toch onwillekeurig. Nu ik in alle rust naar de stelling kijk, zie ik vrij van
spanningen, dat ik prima sta en me zorgen heb zitten maken om niks.}) 21. Kh2
Qg8 {Ik volg consequent mijn plan, maar opnieuw was rokade beter.} 22. Nd2 Qf8
23. Ne4 Qe7 24. Nc5 Qd8 $2 {Dit is overdreven. Dedame is terug en nu had ik
toch echt moeten rokeren en de f-toren naar b8 spelen. Ik sta dan nog steeds
ietsje beter.} (24... O-O) 25. Qb2 Qb8 26. Rb1 a6 27. Qd2 Qb6 28. f4 Ne7 29. a4
O-O {eindelijk!} 30. Rhf1 ({Nuttig lijkt me eerst} 30. a5 $5 Qa7 (30... Qxa5 $2
31. Bxc6 Nxc6 32. Ra1 Qb6 33. Nd7 {met kwaliteitswinst.})) 30... Rfd8 {Wit nog
21', zwart nog 13' voor 10 zetten.} 31. Qe2 Rab8 (31... Bxg2 32. Qxg2 c6 {
was ook geen slecht idee.}) 32. g4 Bxg2 33. Qxg2 Nd5 34. Rf3 Qc6 ({Interessant
is de Fritzzet, waar ik ook een halve minuut naar gekeken heb:} 34... Nxc3 35.
Rxc3 Rxd4 36. Ne4 Qb7 {maar ik kon het niet overzien en beschouwde het als een
paniekreactie. De echte paniek komt echter toch.}) 35. f5 b4 $2 {wit nog 5';
zwart nog 2'.} ({Veiliger was natuurlijk} 35... Rf8 {en zwart moet de
koningsaanval kunnen opvangen, lijkt me. Bijv.} 36. Rg1 bxa4 $5 37. g5 exf5 38.
Rxf5 a3 39. Rf6 Qxf6 $1 40. gxf6 Rb2) 36. fxe6 fxe6 37. g5 {Gurevich zette
deze pion met kracht naar voren en ik raak gelijk in paniek.} hxg5 $2 ({
Noodzakelijk was} 37... h5 38. g6 Ne7 (38... bxc3 {en wit zal wel winnen, bijv.
} 39. Qg5 $1 Nf6 $1 40. exf6 $1 Qxf3 41. f7+ Kh8 42. Rf1 Qe2+ 43. Qg2 Qxg2+ 44.
Kxg2) 39. Rbf1 {en ik zie nog niet direct een winst voor wit, bijv.} bxc3 40.
Qg5 Rf8 41. Rxf8+ Rxf8 42. Rxf8+ Kxf8 43. Qxh5 c2) 38. Qxg5 Re8 39. cxb4 Ne7 $2
({Een blunder met de vlag op vallen, maar veel maakt het niet uit.} 39... Re7
40. Rbf1 {en zwart is machteloos.}) 40. Rg1 g6 41. Rf6 {en ik gaf
teleurgesteld op.} 1-0